<?xml version="1.0" encoding="UTF-8"?>
<record
    xmlns:xsi="http://www.w3.org/2001/XMLSchema-instance"
    xsi:schemaLocation="http://www.loc.gov/MARC21/slim http://www.loc.gov/standards/marcxml/schema/MARC21slim.xsd"
    xmlns="http://www.loc.gov/MARC21/slim">

  <leader>01656nab a2200289   4500</leader>
  <controlfield tag="003">AR-RoBPED</controlfield>
  <controlfield tag="005">20260428105429.0</controlfield>
  <controlfield tag="008">260427b        |||||||| |||| 00| 0 spa d</controlfield>
  <datafield tag="040" ind1=" " ind2=" ">
    <subfield code="a">AR-RoBPED</subfield>
  </datafield>
  <datafield tag="041" ind1=" " ind2=" ">
    <subfield code="a">spa</subfield>
  </datafield>
  <datafield tag="100" ind1="1" ind2=" ">
    <subfield code="a">Del Campo, Rafael </subfield>
    <subfield code="9">30813</subfield>
    <subfield code="e">Mag&#xED;ster en Psicolog&#xED;a Educacional</subfield>
  </datafield>
  <datafield tag="245" ind1="1" ind2=" ">
    <subfield code="a">Convivencia escolar :</subfield>
    <subfield code="b">una propuesta para la escuela secundaria /</subfield>
  </datafield>
  <datafield tag="260" ind1=" " ind2=" ">
    <subfield code="a">Buenos Aires :</subfield>
    <subfield code="b">Noveduc,</subfield>
    <subfield code="c">2024</subfield>
  </datafield>
  <datafield tag="300" ind1=" " ind2=" ">
    <subfield code="a">2-9 p.</subfield>
  </datafield>
  <datafield tag="500" ind1=" " ind2=" ">
    <subfield code="a">Desde hace a&#xF1;os, se remplaz&#xF3; el concepto de disciplina en las escuelas con el de convivencia (Ianni y P&#xE9;rez, 1998). En este nuevo concepto, se busca poner el &#xE9;nfasis en la importancia de poder estar con otros, de vivir en armon&#xED;a. El nuevo t&#xE9;rmino procura abarcar un conjunto de situaciones m&#xE1;s amplia de la vida en las aulas; y tambi&#xE9;n ampliar las responsabilidades de los distintos actores. Los autores ofrecen algunas pistas te&#xF3;ricas y pr&#xE1;cticas para lograr una "buena convivencia" en las escuelas secundarias. </subfield>
  </datafield>
  <datafield tag="650" ind1=" " ind2="7">
    <subfield code="a">CONVIVENCIA</subfield>
    <subfield code="9">911</subfield>
  </datafield>
  <datafield tag="650" ind1=" " ind2="7">
    <subfield code="a">ESTUDIANTES</subfield>
    <subfield code="9">11380</subfield>
  </datafield>
  <datafield tag="650" ind1=" " ind2="7">
    <subfield code="a">ESCUELAS SECUNDARIAS</subfield>
    <subfield code="9">1296</subfield>
  </datafield>
  <datafield tag="650" ind1=" " ind2="7">
    <subfield code="a">RELACION ESCUELA-ALUMNO</subfield>
    <subfield code="9">6691</subfield>
  </datafield>
  <datafield tag="650" ind1=" " ind2="7">
    <subfield code="a">ACTIVIDADES EN GRUPO</subfield>
    <subfield code="9">5873</subfield>
  </datafield>
  <datafield tag="700" ind1="1" ind2=" ">
    <subfield code="a">Esmoris, Florencia</subfield>
    <subfield code="9">30814</subfield>
    <subfield code="e">Licenciada en Gesti&#xF3;n Educativa</subfield>
  </datafield>
  <datafield tag="700" ind1="1" ind2=" ">
    <subfield code="a">Pietramala, Karina</subfield>
    <subfield code="9">30815</subfield>
    <subfield code="e">Licenciada en Psicolog&#xED;a</subfield>
  </datafield>
  <datafield tag="773" ind1="0" ind2=" ">
    <subfield code="0">20414</subfield>
    <subfield code="9">41866</subfield>
    <subfield code="d">Buenos Aires :  Noveduc,  1993-</subfield>
    <subfield code="t">Novedades Educativas</subfield>
    <subfield code="w">(AR-RoBPED)20414</subfield>
    <subfield code="x">03283534</subfield>
  </datafield>
  <datafield tag="942" ind1=" " ind2=" ">
    <subfield code="2">udc</subfield>
    <subfield code="c">REV</subfield>
    <subfield code="h">37(05)</subfield>
    <subfield code="m">Nov 86 N&#xB0; 397 (Julio.2024)</subfield>
    <subfield code="a">k.32628</subfield>
  </datafield>
  <datafield tag="945" ind1=" " ind2=" ">
    <subfield code="a">mar 04/2026</subfield>
  </datafield>
  <datafield tag="952" ind1=" " ind2=" ">
    <subfield code="0">0</subfield>
    <subfield code="1">0</subfield>
    <subfield code="2">udc</subfield>
    <subfield code="4">0</subfield>
    <subfield code="7">1</subfield>
    <subfield code="a">BPED</subfield>
    <subfield code="b">BPED</subfield>
    <subfield code="d">2025-12-11</subfield>
    <subfield code="e">Compra</subfield>
    <subfield code="h">N&#xBA; 397 (Julio.2024)</subfield>
    <subfield code="l">0</subfield>
    <subfield code="o">37(05) Nov 86 N&#xBA; 397 (Julio.2024)</subfield>
    <subfield code="p">H397</subfield>
    <subfield code="r">2026-02-23 09:25:05</subfield>
    <subfield code="w">2026-02-23</subfield>
    <subfield code="y">REV</subfield>
    <subfield code="z">Convivencia, valores y cultura democr&#xE1;tica. Estrategias para sostener el lazo social.</subfield>
  </datafield>
  <datafield tag="999" ind1=" " ind2=" ">
    <subfield code="c">32628</subfield>
    <subfield code="d">32628</subfield>
  </datafield>
  <datafield tag="773" ind1="0" ind2=" ">
    <subfield code="0">32628</subfield>
    <subfield code="9">41861</subfield>
    <subfield code="a">Del Campo, Rafael </subfield>
    <subfield code="b"></subfield>
    <subfield code="d">Buenos Aires : Noveduc, 2024</subfield>
    <subfield code="o">H397</subfield>
    <subfield code="t">Convivencia escolar :</subfield>
    <subfield code="w"></subfield>
    <subfield code="x"></subfield>
    <subfield code="z"></subfield>
  </datafield>
</record>
